| 000 | 00683cam a2200241 i 4500 | ||
|---|---|---|---|
| 001 | 121296 | ||
| 005 | 20230410130825.0 | ||
| 008 | 151028s2011 fr a 000 0 fre | ||
| 020 | _a9782253162834 | ||
| 041 | _afre | ||
| 050 | 1 | 4 |
_aPQ 4865 _bE19c 2011 |
| 082 | 0 | 0 | _a853 |
| 100 | 1 |
_aEco, Humberto, _d1932- |
|
| 245 | 1 | 3 |
_aLe Cimetiere de Prague / _cHumberto, Eco ; traduit de L' Italien par Jean Noel Schifano. |
| 260 |
_aParis : _bEditions Grasset y Fasquelle, _c2011. |
||
| 300 |
_a572 p. : _bill. ; _c18 cm. |
||
| 650 | 4 | _aNovela Italiana. | |
| 650 | 4 | _aNovela Histórica | |
| 650 | 4 | _a20151200 | |
| 700 | 1 |
_aSchifano, Jean Noel, _etr. |
|
| 942 |
_2lcc _cbk |
||
| 946 | _ash | ||
| 999 |
_c81045 _d81045 |
||